000 00778nam a2200193 a 4500
008 220817s2019 ||||||||||||||||| || u
020 _a9781529014563
050 _aPR 821 .S65
100 _aSmith, Jennifer E., 1980-
245 1 0 _aField notes on love
_cBy Jennifer E. Smith
260 _aLondon
_bMacmillan Children's Book
_c2019
260 _aLondon
_bMacmillan
_c2019
300 _a310 Pages
350 _a15.03
650 _aLOVE --FICTION
650 _aENGLISH LANGUAGE
995 _aFICTION Collection
_e905310
_FCBU-SCHOOL OF MEDICINE LIBRARY (Ndola)
_I15.19
_jPR 821 .S65
_M1
_UAVAILABLE
_WAug 23, 2022
_y905310
_ZFiction Collection
995 _aFICTION Collection
_e751802
_FCBU-MAIN LIBRARY (Kitwe)
_I15.03
_jPR 821 .S65
_M2
_UAVAILABLE
_WSep 6, 2022
_y751802
_ZFiction Collection
999 _c63023
_d63023